[Event "Ambalangoda Dhamso op 3rd"]
[Site "Ambalangoda"]
[Date "2013.02.21"]
[Round "2"]
[White "Daverkausen, Bernd"]
[Black "Horadugoda, S Gathsara Nimnaka"]
[Result "1-0"]
[WhiteElo "2220"]
[BlackElo "1274"]
[PlyCount "49"]
[EventDate "2013.02.21"]
[EventType "swiss"]
[EventRounds "9"]
[EventCountry "SRI"]
[SourceTitle "CBM 153 Extra"]
[Source "ChessBase"]
[SourceDate "2013.04.22"]
[SourceVersion "1"]
[SourceVersionDate "2013.04.22"]
[SourceQuality "1"]

1. e4 e5 2. Nf3 Nc6 3. d4 exd4 4. Nxd4 Bc5 5. Nxc6 Qf6 6. Qf3 Qxc6 7. Nc3 Bb4 8. Bd2 a6 9. 0-0-0 d6 10. Qg3 g6 11. Qh4 Be6 12. Kb1 f6 13. Nd5 g5 14. Nxb4 gxh4 15. Nxc6 bxc6 16. Bc3 Kf7 17. Be2 Ne7 18. f4 d5 19. f5 Bd7 20. Bh5+ Kg7 21. g4 hxg3 22. Rhg1 Rhf8 23. Rxg3+ Kh6 24. Be2 Bxf5 25. Bd2# 1-0